PRUDUCT DESIGN AND DEVELOPMENT (Record no. 34509)
[ view plain ]
| 000 -LEADER | |
|---|---|
| fixed length control field | 00293nam a22001337a 4500 |
| 003 - CONTROL NUMBER IDENTIFIER | |
| control field | SGT |
| 020 ## - INTERNATIONAL STANDARD BOOK NUMBER | |
| International Standard Book Number | 9789390113231 |
| 082 ## - DEWEY DECIMAL CLASSIFICATION NUMBER | |
| Classification number | 747 |
| Item number | ULR |
| 100 ## - MAIN ENTRY--PERSONAL NAME | |
| Personal name | ULRICH KARL T. |
| 245 ## - TITLE STATEMENT | |
| Title | PRUDUCT DESIGN AND DEVELOPMENT |
| 260 ## - PUBLICATION, DISTRIBUTION, ETC. (IMPRINT) | |
| Place of publication, distribution, etc | INDIA |
| Name of publisher, distributor, etc | MC GRAWHILL |
| Year of Publication | 2025 |
| 300 ## - PAGE DESCRIPTION | |
| No. of Pages | 444 |
| 942 ## - ADDED ENTRY ELEMENTS (KOHA) | |
| Source of classification or shelving scheme | Dewey Decimal Classification |
| Koha item type | Books |
| Withdrawn status | Lost status | Source of classification or shelving scheme | Damaged status | Not for loan | Home library | Current library | Shelving location | Date acquired | Vendor Name | Cost, normal purchase price | SGTU | Bill Number | Total Checkouts | Full call number | Accession No. (Barcode) | Date last seen | Bill Date | Koha item type |
|---|---|---|---|---|---|---|---|---|---|---|---|---|---|---|---|---|---|---|
| Dewey Decimal Classification | SGT Science & Social Sciences Library | SGT Science & Social Sciences Library | Text Book | 27/03/2026 | ZAFAA DELHI | 1025.00 | SGTU | ZBD0513 | 747 ULR | FF915 | 27/03/2026 | 23/03/2026 | Books | |||||
| Dewey Decimal Classification | SGT Science & Social Sciences Library | SGT Science & Social Sciences Library | Text Book | 27/03/2026 | ZAFAA DELHI | 1025.00 | SGTU | ZBD0513 | 747 ULR | FF916 | 27/03/2026 | 23/03/2026 | Books | |||||
| Dewey Decimal Classification | SGT Science & Social Sciences Library | SGT Science & Social Sciences Library | Text Book | 27/03/2026 | ZAFAA DELHI | 1025.00 | SGTU | ZBD0513 | 747 ULR | FF917 | 27/03/2026 | 23/03/2026 | Books | |||||
| Dewey Decimal Classification | SGT Science & Social Sciences Library | SGT Science & Social Sciences Library | Text Book | 27/03/2026 | ZAFAA DELHI | 1025.00 | SGTU | ZBD0513 | 747 ULR | FF918 | 27/03/2026 | 23/03/2026 | Books | |||||
| Dewey Decimal Classification | SGT Science & Social Sciences Library | SGT Science & Social Sciences Library | Text Book | 27/03/2026 | ZAFAA DELHI | 1025.00 | SGTU | ZBD0513 | 747 ULR | FF919 | 27/03/2026 | 23/03/2026 | Books |